000
00331nam a22001457a 4500
003
SGT
020
_a
938426659-0
082
_a
615.6
_b
RAJ
100
_a
RAJINIKANTH, DR. P.S.
245
_a
A TEXTBOOK OF NOVEL DRUG DELIVERY SYSTEM
260
_a
INDIA
_b
BIRLA PUB.
_c
2025
300
_a
316
650
_a
DRUG
942
_2
ddc
_c
BK
999
_c
32990
_d
32990